Practice and Procedure in Labor Arbitration
Na minha lista:
| Autor principal: | |
|---|---|
| Formato: | Livro |
| Idioma: | inglês |
| Publicado em: |
Washington
Bureau of National Affairs
1983
|
| Edição: | 2. ed. |
| Tags: |
Sem tags, seja o primeiro a adicionar uma tag!
|
MARC
| LEADER | 00000nam a2200000 4500 | ||
|---|---|---|---|
| 001 | c023596 | ||
| 005 | 20221220085446.9 | ||
| 041 | 0 | |a eng | |
| 044 | |a US | ||
| 245 | 1 | 0 | |a Practice and Procedure in Labor Arbitration |c Owen Fairweather |
| 250 | |a 2. ed. | ||
| 264 | 1 | |a Washington |b Bureau of National Affairs |c 1983 | |
| 300 | |a 789 s. | ||
| 100 | 1 | |a Fairweather, Owen | |